000
00249nam a2200109Ia 4500
008
220204s9999 xx 000 0 und d
082
_a
82-7
_b
COK
100
_a
Coker, Paul
245
0
_a
Mad pet book
260
_a
New York
_b
Warner
_c
1983
942
_c
BK
999
_c
37451
_d
37451